000 00390 a2200133 4500
001 91521
082 _aPR 1476
090 _c43655
_d43654
100 _aAtta Ul Mustafa; Prof Habeel Ahmad, Advisor
245 _aDevelopment of an FPGA Based Generic Switching Matrix API for ATE system
_n58 "B" EC
260 _aRawalpindi
_bNUST
_c2003
300 _avii, 82p
500 _aBE Project Reports
942 _aCAE NUST
_kPR 1476
999 _c326594
_d326594